000 00878nam a2200181Ia 4500
008 090630s9999 xx 000 0 und d
082 _b27002
100 _aमथुरे सुरेश.
245 _aग्रीक शास्त्रज्ञांचे शोध आणि त्यांच्या जन्मकथा.
_cमथुरे सुरेश.
260 _bफुलराणी - ठाणे.
_c2004
300 _a96
600 _aमथुरे सुरेश.
630 _aग्रीक शास्त्रज्ञांचे शोध आणि त्यांच्या जन्मकथा.
655 _aइतर.
700 _aमथुरे सुरेश.
730 _aग्रीक शास्त्रज्ञांचे शोध आणि त्यांच्या जन्मकथा.
942 _cBOOK
999 _c278858
_d278858